[Event "Skakligaen 2024-25"]
[Site "Denmark"]
[Date "2025.01.26"]
[Round "6.7"]
[White "Jakobsen, Peter"]
[Black "Ostergaard, Jens"]
[Result "1/2-1/2"]
[WhiteElo "2205"]
[BlackElo "2267"]
[EventDate "2024.11.02"]
[EventType "team-tourn"]
[EventRounds "9"]
[EventCountry "DEN"]
[SourceTitle "Holdskaksystemet"]
[WhiteTeam "Nordkalotten"]
[BlackTeam "Hillerod"]
[WhiteTeamCountry "DEN"]
[BlackTeamCountry "DEN"]

1. d4 Nf6 2. c4 g6 3. Nc3 Bg7 4. e4 d6 5. Nf3 O-O 6. Be2 e5 7. O-O Nc6 8. d5 Ne7 9. b4 a5 10. Ba3 axb4 11. Bxb4 Nd7 12. a4 h6 13. a5 f5 14. Nd2 f4 15. Bg4 Nf6 16. Bxc8 Nxc8 17. c5 Rf7 18. cxd6 cxd6 19. Qb3 Bf8 20. Rfc1 g5 21. f3 Rg7 22. Nb5 g4 23. Ra2 Na7 24. Nxa7 Rxa7 25. Nc4 gxf3 26. Qxf3 Ra6 27. Rac2 Qe8 28. Be1 Qg6 29. Re2 Rc7 30. Rcc2 Ra8 31. Nb6 Rxc2 32. Rxc2 Re8 33. Rc4 Re7 34. Bh4 Rg7 35. Bxf6 Qxf6 36. Rc1 Kh7 37. Kf1 Qh4 38. Kg1 Qf6 39. Kf1 Qh4 40. Kg1 Qf6 1/2-1/2

[Event "Skakligaen 2024-25"]
[Site "Denmark"]
[Date "2025.01.26"]
[Round "6.8"]
[White "Jaksland, Tim"]
[Black "Ejsing, Esben"]
[Result "0-1"]
[WhiteElo "2143"]
[BlackElo "2114"]
[EventDate "2024.11.02"]
[EventType "team-tourn"]
[EventRounds "9"]
[EventCountry "DEN"]
[SourceTitle "Holdskaksystemet"]
[WhiteTeam "Hillerod"]
[BlackTeam "Nordkalotten"]
[WhiteTeamCountry "DEN"]
[BlackTeamCountry "DEN"]

1. d4 g6 2. Nc3 Bg7 3. e4 d6 4. Be3 a6 5. g4 b5 6. h4 h5 7. gxh5 Rxh5 8. Be2 Rh8 9. h5 Bb7 10. Bf3 gxh5 11. Rxh5 Rxh5 12. Bxh5 e6 13. Bf3 Nd7 14. a3 c5 15. Nge2 Qc7 16. Ng3 cxd4 17. Bxd4 Ne5 18. Be2 Bh6 19. Nh5 Qe7 20. Bxe5 dxe5 21. Bd3 Qh4 22. Ng3 Bf4 23. Qf3 Ne7 24. Nce2 Nc6 25. Qh5 Qf6 26. Qf3 Bd2+ 0-1

[Event "Skakligaen 2024-25"]
[Site "Denmark"]
[Date "2025.01.26"]
[Round "6.1"]
[White "Mikkelsen, Nikolaj"]
[Black "Rozentalis, Eduardas"]
[Result "1-0"]
[WhiteElo "2467"]
[BlackElo "2485"]
[EventDate "2024.11.02"]
[EventType "team-tourn"]
[EventRounds "9"]
[EventCountry "DEN"]
[SourceTitle "Holdskaksystemet"]
[WhiteTeam "BMS"]
[BlackTeam "Koge"]
[WhiteTeamCountry "DEN"]
[BlackTeamCountry "DEN"]

1. e4 e6 2. d4 d5 3. Nd2 c5 4. Ngf3 cxd4 5. Nxd4 Nc6 6. Bb5 Bd7 7. Nxc6 bxc6 8. Bd3 Qc7 9. Qe2 Bd6 10. Nf3 dxe4 11. Qxe4 Nf6 12. Qh4 h6 13. O-O Ke7 14. Nd2 g5 15. Qh3 Nd5 16. Nc4 Nf4 17. Bxf4 Bxf4 18. Rfe1 Rad8 19. g3 Bd6 20. Rad1 Kf8 21. Nxd6 Qxd6 22. Bh7 Qc5 23. Qxh6+ Ke7 24. Qg7 g4 25. Re5 Qb6 26. Re3 Qa5 27. Red3 Rxh7 28. Qxh7 Qxa2 29. Qh4+ Ke8 30. Qh8+ Ke7 31. Qd4 1-0

[Event "Skakligaen 2024-25"]
[Site "Denmark"]
[Date "2025.01.26"]
[Round "6.2"]
[White "Pantzar, Milton"]
[Black "Kistrup, Nicolai"]
[Result "1/2-1/2"]
[WhiteElo "2452"]
[BlackElo "2400"]
[EventDate "2024.11.02"]
[EventType "team-tourn"]
[EventRounds "9"]
[EventCountry "DEN"]
[SourceTitle "Holdskaksystemet"]
[WhiteTeam "Koge"]
[BlackTeam "BMS"]
[WhiteTeamCountry "DEN"]
[BlackTeamCountry "DEN"]

1. Nf3 d5 2. b3 Bf5 3. Bb2 e6 4. d3 h6 5. g3 Nf6 6. Bg2 Be7 7. O-O O-O 8. Nbd2 Nbd7 9. Re1 Bh7 10. e4 dxe4 11. dxe4 Nc5 12. Nd4 c6 13. Qe2 Qc7 14. a4 a5 15. Rad1 Rad8 16. e5 Nd5 17. Nc4 Nb4 18. Rd2 Rd7 19. Red1 Rfd8 20. Nd6 Bf8 21. h4 b6 22. c3 Nd5 23. Nxc6 Qxc6 24. c4 Nxb3 25. cxd5 Qxa4 26. Nxf7 Rxf7 27. dxe6 Rxf2 28. Rxd8 Rxe2 29. Bd5 Be4 30. e7+ Kh7 31. exf8=N+ Kh8 32. Ng6+ Kh7 33. Nf8+ Kh8 34. Nd7+ Kh7 35. Nf8+ Kh8 36. Ng6+ Kh7 37. Nf8+ 1/2-1/2

[Event "Skakligaen 2024-25"]
[Site "Denmark"]
[Date "2025.01.26"]
[Round "6.3"]
[White "Haubro, Martin"]
[Black "Smith, Axel"]
[Result "0-1"]
[WhiteElo "2381"]
[BlackElo "2430"]
[EventDate "2024.11.02"]
[EventType "team-tourn"]
[EventRounds "9"]
[EventCountry "DEN"]
[SourceTitle "Holdskaksystemet"]
[WhiteTeam "BMS"]
[BlackTeam "Koge"]
[WhiteTeamCountry "DEN"]
[BlackTeamCountry "DEN"]

1. e4 e6 2. d4 d5 3. Nc3 Nf6 4. e5 Nfd7 5. f4 c5 6. Nf3 Nc6 7. Be3 Qb6 8. Na4 Qa5+ 9. c3 b6 10. Bd2 c4 11. b3 b5 12. Nc5 Nxc5 13. b4 Nd3+ 14. Bxd3 Qa3 15. Bc2 a5 16. bxa5 Bd7 17. O-O b4 18. Ng5 g6 19. Rf3 Qxa5 20. Rh3 b3 21. Bxg6 fxg6 22. Nxh7 Rxh7 23. Rxh7 b2 24. Rb1 Qxa2 25. Kf2 Qb3 26. Qxb3 cxb3 27. Rxb2 Ra2 28. Rxb3 Rxd2+ 29. Ke3 Rxg2 30. Rb7 Ne7 31. Rb8+ Bc8 32. Rxe7+ Kxe7 33. Rxc8 Rxh2 34. Rc7+ Ke8 35. Kf3 Rc2 36. Kg4 Be7 0-1

[Event "Skakligaen 2024-25"]
[Site "Denmark"]
[Date "2025.01.26"]
[Round "6.4"]
[White "Istvanovszki, Martin"]
[Black "Jacobsen, Mikkel Manosri"]
[Result "0-1"]
[WhiteElo "2318"]
[BlackElo "2345"]
[EventDate "2024.11.02"]
[EventType "team-tourn"]
[EventRounds "9"]
[EventCountry "DEN"]
[SourceTitle "Holdskaksystemet"]
[WhiteTeam "Koge"]
[BlackTeam "BMS"]
[WhiteTeamCountry "DEN"]
[BlackTeamCountry "DEN"]

1. d4 d5 2. Nc3 Bf5 3. Bf4 e6 4. e3 Bd6 5. Nf3 Nd7 6. Bd3 Bxf4 7. exf4 Ne7 8. Ne2 a6 9. Ng3 Bxd3 10. Qxd3 g6 11. h4 h5 12. Ng5 c5 13. dxc5 Qa5+ 14. c3 Qxc5 15. O-O Nf6 16. Rfe1 O-O 17. Re2 Rac8 18. a3 Rfd8 19. Rd1 b5 20. Nf3 a5 21. Nd4 b4 22. cxb4 axb4 23. a4 Qa7 24. b3 Rc3 25. Qb1 Rxg3 26. fxg3 Nf5 27. Qb2 Rc8 28. Kh2 Ng4+ 29. Kh3 Nxd4 30. Rxd4 Qxd4 0-1

[Event "Skakligaen 2024-25"]
[Site "Denmark"]
[Date "2025.01.26"]
[Round "6.5"]
[White "Liu, Casper Yukun"]
[Black "Meskenas, Paulius"]
[Result "1-0"]
[WhiteElo "2251"]
[BlackElo "2161"]
[EventDate "2024.11.02"]
[EventType "team-tourn"]
[EventRounds "9"]
[EventCountry "DEN"]
[SourceTitle "Holdskaksystemet"]
[WhiteTeam "BMS"]
[BlackTeam "Koge"]
[WhiteTeamCountry "DEN"]
[BlackTeamCountry "DEN"]

1. d4 d5 2. Nf3 Nf6 3. Bf4 e6 4. e3 c5 5. Nbd2 Bd6 6. Bb5+ Nc6 7. Bg3 O-O 8. c3 a6 9. Bxc6 bxc6 10. Qa4 cxd4 11. cxd4 Rb8 12. Bxd6 Qxd6 13. Nb3 Nd7 14. Rc1 Rb5 15. Qa3 Qxa3 16. bxa3 Bb7 17. Kd2 Rb8 18. a4 Rb4 19. a5 Kf8 20. Ne1 Ke7 21. Nd3 Ra4 22. Rc2 f6 23. Ndc5 Nxc5 24. Nxc5 Rxa5 25. a4 Bc8 26. Ra1 Kd6 27. Raa2 e5 28. Rcb2 Rxb2+ 29. Rxb2 exd4 30. exd4 Rxc5 31. dxc5+ Kxc5 32. a5 d4 33. h4 Kd5 34. Rb8 Bf5 35. Rb6 c5 36. Rxa6 c4 37. Ra8 c3+ 38. Kd1 Kc4 39. Rd8 Be4 40. f3 Bc6 41. Rc8 Kd5 42. Kc2 Ba4+ 43. Kc1 Bc6 44. a6 d3 45. a7 d2+ 46. Kc2 Ba4+ 47. Kxc3 1-0

[Event "Skakligaen 2024-25"]
[Site "Denmark"]
[Date "2025.01.26"]
[Round "6.6"]
[White "Pedersen, Henrik Dahl"]
[Black "Haubro, Sigfred"]
[Result "1-0"]
[WhiteElo "2265"]
[BlackElo "2128"]
[EventDate "2024.11.02"]
[EventType "team-tourn"]
[EventRounds "9"]
[EventCountry "DEN"]
[SourceTitle "Holdskaksystemet"]
[WhiteTeam "Koge"]
[BlackTeam "BMS"]
[WhiteTeamCountry "DEN"]
[BlackTeamCountry "DEN"]

1. c4 f5 2. Nc3 Nf6 3. g3 e6 4. Bg2 Be7 5. d3 O-O 6. Nf3 d6 7. e3 e5 8. b4 c6 9. Qb3 Kh8 10. b5 Qe8 11. c5 Nbd7 12. cxd6 Bxd6 13. Ba3 c5 14. Nd2 Rb8 15. Nc4 Be7 16. b6 a6 17. O-O Qg6 18. f4 exf4 19. exf4 Ng4 20. Nd5 Bf6 21. Nxf6 Qxf6 22. Bb2 Qh6 23. h3 Ngf6 24. Rae1 Qg6 25. Re3 h5 26. Kh2 h4 27. gxh4 Qh5 28. Qd1 Qxh4 29. Qe1 Qh6 30. Re7 Rg8 31. Qg3 Nf8 32. Qg5 N8h7 33. Qxh6 gxh6 34. Ne5 Rg7 35. Nf7+ Kg8 36. Nxh6+ Kf8 37. Re5 Rd7 38. Rxc5 Rxd3 39. Be5 Ra8 40. Rfc1 Be6 41. Bxb7 Rd2+ 42. Bg2 Nd7 43. b7 Re8 44. R5c2 Rxc2 45. Rxc2 Nxe5 46. fxe5 Kg7 47. Rc6 Nf8 48. Rxa6 Nd7 49. Bc6 Nb8 50. Rb6 Rh8 51. a4 Rxh6 52. Bf3 f4 53. Bg4 Bd5 54. e6 Bc6 55. a5 Rh8 56. a6 Nxa6 57. Rxc6 Nb8 58. Rc8 Rg8 59. e7 1-0

[Event "Skakligaen 2024-25"]
[Site "Denmark"]
[Date "2025.01.26"]
[Round "6.7"]
[White "Wahlgreen, Noah Krug"]
[Black "Nord, Alexander"]
[Result "0-1"]
[WhiteElo "2148"]
[BlackElo "2189"]
[EventDate "2024.11.02"]
[EventType "team-tourn"]
[EventRounds "9"]
[EventCountry "DEN"]
[SourceTitle "Holdskaksystemet"]
[WhiteTeam "BMS"]
[BlackTeam "Koge"]
[WhiteTeamCountry "DEN"]
[BlackTeamCountry "DEN"]

1. e4 e6 2. d4 d5 3. Nd2 c5 4. Ngf3 Nc6 5. exd5 exd5 6. Bb5 Qe7+ 7. Qe2 Qxe2+ 8. Bxe2 Bf5 9. c3 cxd4 10. Nxd4 Nxd4 11. cxd4 Ne7 12. O-O Nc6 13. Re1 O-O-O 14. Nf3 f6 15. a3 Bd6 16. b4 Kb8 17. Bd2 Rc8 18. Rac1 Ne7 19. Bd1 Rxc1 20. Bxc1 Rc8 21. Bb3 Rc3 22. Ba4 Kc8 23. Bb2 Rc7 24. Nd2 Kd8 25. Bb3 Bc2 26. Ba2 Bf5 27. Bb3 Bc2 28. Ba2 Bf5 29. Rc1 Rxc1+ 30. Bxc1 Bd3 31. Nf1 Kd7 32. Ne3 Ke6 33. f3 g5 34. g3 Bc7 35. Kf2 h5 36. Ng2 Bb6 37. Ke3 Bf1 38. Ne1 Nf5+ 39. Kf2 Bc4 40. Bxc4 Bxd4+ 41. Ke2 dxc4 42. g4 hxg4 43. fxg4 Nh4 44. Nc2 Be5 45. b5 Bxh2 46. Be3 Ng6 47. Bxa7 Ne5 48. Kd2 Nxg4 49. Kc3 Ne5 50. a4 g4 51. Bb8 g3 52. Ne1 Bg1 53. a5 Bf2 54. Ng2 Kd5 55. a6 bxa6 56. bxa6 Nc6 57. Nf4+ Ke4 58. Bc7 Kf3 59. Nh5 g2 60. Bh2 g1=Q 61. Bxg1 Bxg1 62. Kxc4 f5 63. Kd5 Kg4 64. Nf6+ Kg5 65. Nh7+ Kg6 66. Nf8+ Kf7 67. Nd7 Ne7+ 68. Ke5 Bh2+ 69. Kd4 Ke6 70. Nc5+ Kd6 0-1

[Event "Skakligaen 2024-25"]
[Site "Denmark"]
[Date "2025.01.26"]
[Round "6.8"]
[White "Henriksen, Kasper"]
[Black "Jalving, August"]
[Result "1-0"]
[WhiteElo "2112"]
[BlackElo "2213"]
[EventDate "2024.11.02"]
[EventType "team-tourn"]
[EventRounds "9"]
[EventCountry "DEN"]
[SourceTitle "Holdskaksystemet"]
[WhiteTeam "Koge"]
[BlackTeam "BMS"]
[WhiteTeamCountry "DEN"]
[BlackTeamCountry "DEN"]

1. d4 Nf6 2. c4 e6 3. Nf3 d5 4. Nc3 c5 5. cxd5 Nxd5 6. e4 Nxc3 7. bxc3 cxd4 8. cxd4 Bb4+ 9. Bd2 Bxd2+ 10. Qxd2 Nd7 11. Bd3 Nf6 12. O-O O-O 13. Rad1 h6 14. Rfe1 Bd7 15. Qf4 Bc6 16. d5 exd5 17. e5 Nd7 18. h4 Re8 19. Re3 Nf8 20. Nd4 Bd7 21. Rg3 Qb6 22. Rb1 Ne6 23. Rxg7+ Nxg7 24. Rxb6 axb6 25. Qxh6 Ra3 26. Bh7+ Kf8 27. Qd6+ 1-0

[Event "Skakligaen 2024-25"]
[Site "Denmark"]
[Date "2025.01.26"]
[Round "6.1"]
[White "Nielsen, Viktor Haarmark"]
[Black "Hillarp Persson, Tiger"]
[Result "0-1"]
[WhiteElo "2364"]
[BlackElo "2468"]
[EventDate "2024.11.02"]
[EventType "team-tourn"]
[EventRounds "9"]
[EventCountry "DEN"]
[SourceTitle "Holdskaksystemet"]
[WhiteTeam "Obro"]
[BlackTeam "Bronshoj"]
[WhiteTeamCountry "DEN"]
[BlackTeamCountry "DEN"]

1. d4 Nf6 2. c4 e6 3. Nf3 d5 4. g3 Bb4+ 5. Nbd2 dxc4 6. a3 Bxd2+ 7. Bxd2 O-O 8. Bg2 a5 9. a4 Nc6 10. Bf4 Nd5 11. Rc1 e5 12. dxe5 Nxf4 13. gxf4 Qxd1+ 14. Rxd1 Ra6 15. Nd4 Nxd4 16. Rxd4 Rb6 17. Rxc4 c6 18. O-O Rxb2 19. Rc5 Rxe2 20. Rxa5 Rd2 21. Ra7 Rd4 22. f5 Rb4 23. Bh3 Rb3 24. Kg2 g6 25. e6 fxe6 26. fxe6 Re8 27. Rd1 Kg7 28. a5 Kf6 29. Rd4 h5 30. Rf4+ Ke5 31. Rh4 Bxe6 32. Bxe6 Rxe6 33. Rh3 Rb5 34. Re3+ Kd6 35. Rd3+ Kc7 36. Ra8 Rd5 37. Rb3 Rb5 38. Rd3 Rg5+ 39. Kf1 Rd5 40. Rb3 Red6 41. Rf3 Rd8 42. Rf7+ R5d7 43. Rxd8 Rxf7 44. Rg8 Rf6 45. Ke2 Rd6 46. Rg7+ Kb8 47. Rg8+ Ka7 48. Rg7 Ka6 49. f4 c5 50. Rc7 b6 51. axb6 Kxb6 52. Rc8 Kb5 53. Rb8+ Ka4 54. Rf8 c4 55. f5 gxf5 56. Rxf5 c3 57. Rxh5 c2 58. Rc5 Kb3 59. h4 Rd1 60. h5 c1=Q 61. Rxc1 Rxc1 62. Kf3 Rc4 63. h6 Rh4 0-1

[Event "Skakligaen 2024-25"]
[Site "Denmark"]
[Date "2025.01.26"]
[Round "6.2"]
[White "Vasli, Aref"]
[Black "Hansen, Soren Bech"]
[Result "0-1"]
[WhiteElo "2401"]
[BlackElo "2250"]
[EventDate "2024.11.02"]
[EventType "team-tourn"]
[EventRounds "9"]
[EventCountry "DEN"]
[SourceTitle "Holdskaksystemet"]
[WhiteTeam "Bronshoj"]
[BlackTeam "Obro"]
[WhiteTeamCountry "DEN"]
[BlackTeamCountry "DEN"]

1. e4 c5 2. Nf3 Nc6 3. d4 cxd4 4. Nxd4 Qb6 5. Nb3 Nf6 6. Nc3 e6 7. a3 Be7 8. Be3 Qc7 9. f4 d6 10. Qf3 a6 11. g4 b5 12. g5 Nd7 13. Bd3 Bb7 14. Qf2 g6 15. h4 h6 16. gxh6 O-O-O 17. Bxb5 axb5 18. Nxb5 Qb8 19. O-O-O Ba6 20. N5d4 Qc7 21. Rh3 Nc5 22. Qg2 Nxd4 23. Bxd4 Rxh6 24. Rc3 Rxh4 25. e5 Qb7 26. Qxb7+ Kxb7 27. exd6 Bxd6 28. Be5 Ne4 29. Na5+ Kb6 30. Nc4+ Bxc4 31. Rxc4 Bxe5 0-1

[Event "Skakligaen 2024-25"]
[Site "Denmark"]
[Date "2025.01.26"]
[Round "6.3"]
[White "Rasmussen, Casper Dahl"]
[Black "Falkesgaard, Jeppe Hald"]
[Result "1/2-1/2"]
[WhiteElo "2240"]
[BlackElo "2261"]
[EventDate "2024.11.02"]
[EventType "team-tourn"]
[EventRounds "9"]
[EventCountry "DEN"]
[SourceTitle "Holdskaksystemet"]
[WhiteTeam "Obro"]
[BlackTeam "Bronshoj"]
[WhiteTeamCountry "DEN"]
[BlackTeamCountry "DEN"]

1. d4 d5 2. c4 c6 3. cxd5 cxd5 4. Nc3 Nf6 5. Bf4 Nc6 6. e3 a6 7. Bd3 Bg4 8. Nge2 e6 9. O-O Bd6 10. f3 Bh5 11. Na4 Bg6 12. Nc5 Bxc5 13. dxc5 e5 14. Bg5 Qd7 15. Bxf6 gxf6 16. Nc3 Rd8 17. Bxg6 hxg6 18. Qd2 f5 19. Rad1 d4 20. Qf2 d3 21. e4 Ne7 22. Rd2 Qe6 23. b3 Rd4 24. Rfd1 Qd7 25. Qf1 Qc6 26. Rxd3 Rxd3 27. Qxd3 Qxc5+ 28. Kh1 O-O 29. h3 Kg7 30. Nd5 Rd8 31. Kh2 fxe4 32. fxe4 Nxd5 33. exd5 Rd6 34. Qe4 Qc3 35. Rd3 Qb2 36. Qb4 Rd7 37. Qa4 b5 38. Qe4 f5 39. Qe3 e4 40. Rc3 b4 41. Qd4+ Kf7 42. Qxb4 Qd2 43. Qc4 Qxd5 44. Qxa6 Qe5+ 45. Rg3 Rd6 46. Qb7+ Kg8 47. Qc8+ Kg7 48. Qc7+ Kh6 49. Qc3 Qxc3 50. Rxc3 Rd2 51. b4 Rxa2 52. Rb3 f4 53. Kg1 Ra1+ 54. Kf2 e3+ 55. Ke2 Ra2+ 56. Kf1 Rf2+ 57. Kg1 Kg5 58. b5 f3 59. gxf3 Rxf3 60. b6 e2 61. Rb1 Rb3 62. Re1 Rxb6 63. Rxe2 1/2-1/2

[Event "Skakligaen 2024-25"]
[Site "Denmark"]
[Date "2025.01.26"]
[Round "6.5"]
[White "Christensen, Stefan"]
[Black "Pilgaard, Kim"]
[Result "1/2-1/2"]
[WhiteElo "2187"]
[BlackElo "2373"]
[EventDate "2024.11.02"]
[EventType "team-tourn"]
[EventRounds "9"]
[EventCountry "DEN"]
[SourceTitle "Holdskaksystemet"]
[WhiteTeam "Obro"]
[BlackTeam "Bronshoj"]
[WhiteTeamCountry "DEN"]
[BlackTeamCountry "DEN"]

1. e4 e5 2. Nf3 Nc6 3. c3 d5 4. Qa4 f6 5. d3 Be6 6. Nbd2 a6 7. Be2 Bc5 8. O-O Ne7 9. Re1 O-O 10. exd5 Bxd5 11. Ne4 Ba7 12. Bf1 Nf5 13. Qc2 Kh8 14. b3 Re8 15. Ba3 Nd6 16. Nfd2 Bf7 17. Bc5 Bxc5 18. Nxc5 Bg6 19. g3 Ne7 20. Bg2 c6 21. Nde4 Nef5 22. Nxd6 Nxd6 23. Qe2 Qb6 24. Ne4 Rad8 25. Nxd6 Rxd6 1/2-1/2

[Event "Skakligaen 2024-25"]
[Site "Denmark"]
[Date "2025.01.26"]
[Round "6.6"]
[White "Bromann, Thorbjorn"]
[Black "Jorgensen, Brian Jorgen"]
[Result "0-1"]
[WhiteElo "2357"]
[BlackElo "2173"]
[EventDate "2024.11.02"]
[EventType "team-tourn"]
[EventRounds "9"]
[EventCountry "DEN"]
[SourceTitle "Holdskaksystemet"]
[WhiteTeam "Bronshoj"]
[BlackTeam "Obro"]
[WhiteTeamCountry "DEN"]
[BlackTeamCountry "DEN"]

1. b3 e5 2. Bb2 Nc6 3. e3 Nf6 4. Bb5 Bd6 5. Na3 a6 6. Bxc6 dxc6 7. Nc4 Qe7 8. Ne2 Bd7 9. d3 b5 10. Nxd6+ cxd6 11. O-O O-O 12. e4 d5 13. exd5 Nxd5 14. Qd2 Rfe8 15. Rfe1 Qh4 16. Ng3 f6 17. Re4 Qh6 18. Qxh6 gxh6 19. Rae1 c5 20. a3 Nf4 21. Bc1 Ng6 22. Bxh6 Rec8 23. R4e2 Rc6 24. f3 a5 25. Ne4 a4 26. bxa4 Rxa4 27. Be3 Rxa3 28. Nxc5 Be8 29. Rb1 Nf4 30. Rd2 Nd5 31. Bf2 Nc3 32. Re1 Bg6 33. d4 Na4 34. Nd7 Rd6 35. Nxf6+ Rxf6 36. dxe5 Rf8 37. e6 Rc3 38. Rd5 Rxc2 39. Rxb5 Nc3 40. Rbe5 Rd2 41. h4 h5 42. Bc5 Re8 43. Bb4 Rd3 44. Rg5 Kh7 45. Ree5 Na2 46. Bc5 Nc1 47. Kh2 Nb3 48. Bb4 Nd4 49. e7 Bf7 50. Re4 Ne6 51. Rge5 Ng7 52. Rf4 Bg6 53. Bc5 Ra8 54. Rf8 Ra2 55. Rg5 Re2 56. Rf6 Be8 57. Rb6 Ne6 58. Rf5 Rdd2 59. Bf2 Ng7 60. Rff6 Rxf2 61. Rh6+ Kg8 62. Rbf6 Rxg2+ 63. Kh1 Rh2+ 64. Kg1 Rdg2+ 0-1

[Event "Skakligaen 2024-25"]
[Site "Denmark"]
[Date "2025.01.26"]
[Round "6.7"]
[White "Laursen, Niels Norskov"]
[Black "Hoi, Carsten"]
[Result "1/2-1/2"]
[WhiteElo "2186"]
[BlackElo "2302"]
[EventDate "2024.11.02"]
[EventType "team-tourn"]
[EventRounds "9"]
[EventCountry "DEN"]
[SourceTitle "Holdskaksystemet"]
[WhiteTeam "Obro"]
[BlackTeam "Bronshoj"]
[WhiteTeamCountry "DEN"]
[BlackTeamCountry "DEN"]

1. e4 e6 2. d4 d5 3. Nc3 Nf6 4. e5 Nfd7 5. Nce2 c5 6. c3 b6 7. Nf3 Ba6 8. g3 Nc6 9. h4 Rc8 10. a3 cxd4 11. cxd4 Na5 12. Bg5 Qc7 13. Rc1 Qb7 14. Nc3 Bxf1 15. Kxf1 h6 16. Bf4 a6 17. Kg2 Be7 18. h5 b5 19. Rc2 Nb6 20. Ne1 Kd7 21. Qg4 Rhg8 22. Nd3 Nb3 23. Bc1 Nxd4 24. Qxd4 Rc4 25. Qe3 d4+ 26. Qf3 Qxf3+ 27. Kxf3 dxc3 28. b3 Rc6 29. Rd1 Kc7 30. Be3 Nd5 31. b4 Ra8 32. Nc5 Bxc5 33. Bxc5 a5 34. Rd4 axb4 35. Bxb4 Rc4 36. Ke4 Kc6 37. Kd3 Rxd4+ 38. Kxd4 Ra4 39. Rc1 Kb6 40. Kd3 Nxb4+ 41. axb4 Rxb4 42. Rxc3 Rb2 43. Ke3 b4 44. Rc4 b3 45. Rb4+ Kc6 46. f3 Rb1 47. Kf4 f6 48. exf6 gxf6 49. Rb8 Kd5 50. Rb6 b2 51. Rb8 Kd4 52. Rd8+ Kc3 53. Rc8+ Kd3 54. Rd8+ Ke2 55. Rb8 Kf2 56. Rb3 Kg2 57. Kg4 Kh2 58. Kf4 Kh3 59. g4 Kg2 60. Rb4 Kf2 61. Rb3 Ke2 62. Rb4 Kd3 63. Rb6 Kc3 1/2-1/2

[Event "Skakligaen 2024-25"]
[Site "Denmark"]
[Date "2025.01.26"]
[Round "6.8"]
[White "Palm, Nikolaj"]
[Black "Kakulidis, Ellen"]
[Result "1-0"]
[WhiteElo "2282"]
[BlackElo "2015"]
[EventDate "2024.11.02"]
[EventType "team-tourn"]
[EventRounds "9"]
[EventCountry "DEN"]
[SourceTitle "Holdskaksystemet"]
[WhiteTeam "Bronshoj"]
[BlackTeam "Obro"]
[WhiteTeamCountry "DEN"]
[BlackTeamCountry "DEN"]

1. d4 d5 2. c4 c6 3. cxd5 cxd5 4. Nf3 Nf6 5. Nc3 Nc6 6. Bf4 a6 7. Rc1 Bf5 8. e3 e6 9. Be2 Be7 10. O-O O-O 11. Na4 Rc8 12. Nc5 Bxc5 13. dxc5 Re8 14. Nd4 Bg6 15. Nxc6 Rxc6 16. b4 e5 17. Bg5 Qd7 18. f3 Rce6 19. Qb3 h6 20. Bh4 Rd8 21. Rfd1 d4 22. e4 Rc8 23. Bc4 Ree8 24. Bxf6 gxf6 25. g4 h5 26. h3 hxg4 27. hxg4 Kg7 28. Kf2 Rh8 29. Rh1 Rcd8 30. Bd3 Qc8 31. Kg2 Rxh1 32. Rxh1 Rh8 33. Rxh8 Qxh8 34. a4 Qh6 35. Qc2 Qh8 36. b5 axb5 37. axb5 Qd8 38. c6 bxc6 39. bxc6 Qc7 40. Qc5 Bh7 41. Kf2 Bg8 42. Ke2 f5 43. gxf5 f6 44. Bc4 Bxc4+ 45. Qxc4 Qb6 46. c7 Qb2+ 47. Kd1 Qb1+ 48. Kd2 Qb2+ 49. Qc2 Qb4+ 50. Kd1 d3 51. Qg2+ Kf7 52. Qg6+ Ke7 53. Qg7+ 1-0

[Event "Skakligaen 2024-25"]
[Site "Denmark"]
[Date "2025.01.26"]
[Round "6.1"]
[White "Kanov, Nikola Krasimirov"]
[Black "Ochsner, Bjorn Moller"]
[Result "1-0"]
[WhiteElo "2405"]
[BlackElo "2502"]
[EventDate "2024.11.02"]
[EventType "team-tourn"]
[EventRounds "9"]
[EventCountry "DEN"]
[SourceTitle "Holdskaksystemet"]
[WhiteTeam "Fredericia"]
[BlackTeam "AarhusSkolerne"]
[WhiteTeamCountry "DEN"]
[BlackTeamCountry "DEN"]

1. e4 c5 2. Nf3 d6 3. d4 cxd4 4. Nxd4 Nf6 5. Nc3 a6 6. Be3 e5 7. Nb3 Be6 8. f3 h5 9. Be2 Nbd7 10. f4 Rc8 11. f5 Bc4 12. Bxc4 Rxc4 13. Nd2 Rc8 14. h3 b5 15. a3 Nb6 16. Qe2 Be7 17. O-O Nc4 18. Nxc4 Rxc4 19. a4 O-O 20. axb5 axb5 21. Bg5 Nxe4 22. Nxe4 Bxg5 23. b3 Rc6 24. Qxb5 Rxc2 25. f6 Bh6 26. fxg7 Bxg7 27. Qd3 Rc6 28. Qd5 Rc2 29. Kh2 Qb6 30. Ra8 Rc7 31. Rxf8+ Kxf8 32. Nxd6 Qd4 33. Rxf7+ Kg8 34. Rxg7+ 1-0

[Event "Skakligaen 2024-25"]
[Site "Denmark"]
[Date "2025.01.26"]
[Round "6.2"]
[White "Rasmussen, Karsten"]
[Black "Fries Nielsen, Jens Ove"]
[Result "1-0"]
[WhiteElo "2403"]
[BlackElo "2323"]
[EventDate "2024.11.02"]
[EventType "team-tourn"]
[EventRounds "9"]
[EventCountry "DEN"]
[SourceTitle "Holdskaksystemet"]
[WhiteTeam "AarhusSkolerne"]
[BlackTeam "Fredericia"]
[WhiteTeamCountry "DEN"]
[BlackTeamCountry "DEN"]

1. d4 Nf6 2. Nf3 d6 3. c4 Nbd7 4. Nc3 c6 5. e4 e5 6. Be2 Be7 7. O-O O-O 8. Qc2 a6 9. Rd1 Qe8 10. Rb1 b5 11. b4 exd4 12. Nxd4 Ne5 13. cxb5 cxb5 14. Bg5 h6 15. Bh4 Ng6 16. Bg3 Ne5 17. a4 bxa4 18. Nxa4 Bb7 19. f3 Rc8 20. Qb3 g6 21. Nb6 Rb8 22. Nc4 Nfd7 23. Na5 Ba8 24. Qe3 Kh7 25. f4 Bd8 26. fxe5 dxe5 27. Nc4 Bg5 28. Qd3 exd4 29. Qxd4 Rd8 30. Bc7 Nb8 31. Bxd8 Bxd8 32. Bf3 Qe6 33. Qd6 Qxd6 34. Nxd6 Nd7 35. Nc4 Bc6 36. Kh1 Bc7 37. Ne3 Bf4 38. Nd5 Be5 39. Be2 Nb8 40. Rd2 Kg7 41. Bc4 Rd8 42. Rf2 f6 43. Rd1 Ba4 44. Rdf1 Rd6 45. Nf4 Bd7 46. Nd3 h5 47. Nxe5 fxe5 48. Rf7+ Kh6 49. h4 Nc6 50. Rf8 Nxb4 51. R1f7 g5 52. Rf6+ Kg6 1-0

[Event "Skakligaen 2024-25"]
[Site "Denmark"]
[Date "2025.01.26"]
[Round "6.4"]
[White "Sorensen, Jan"]
[Black "Thorsen, Adrian Stenstrop"]
[Result "1-0"]
[WhiteElo "2362"]
[BlackElo "2216"]
[EventDate "2024.11.02"]
[EventType "team-tourn"]
[EventRounds "9"]
[EventCountry "DEN"]
[SourceTitle "Holdskaksystemet"]
[WhiteTeam "AarhusSkolerne"]
[BlackTeam "Fredericia"]
[WhiteTeamCountry "DEN"]
[BlackTeamCountry "DEN"]

1. e4 e5 2. Nc3 Nf6 3. Bc4 Nxe4 4. Qh5 Nd6 5. Qxe5+ Qe7 6. Qxe7+ Bxe7 7. Bb3 O-O 8. Nf3 Nc6 9. Nd5 Bd8 10. O-O Na5 11. d3 c6 12. Bf4 Nf5 13. Nc7 Bxc7 14. Bxc7 Nxb3 15. axb3 d5 16. Rfe1 h5 17. Bb6 a6 18. Bc5 Rd8 19. Bb6 Rf8 20. Bc5 Rd8 21. Nd2 Bd7 22. b4 Rdb8 23. Bb6 Re8 24. Nb3 Nd6 25. Na5 Rxe1+ 26. Rxe1 Nc8 27. Bd4 b6 28. Nb3 Kf8 29. f3 Be6 30. Kf2 g6 31. Kg3 Ke7 32. Kf4 Kd7 33. h4 Kc7 34. g4 Ne7 35. Bf6 Kd7 36. Bd4 Kc7 37. Ra1 g5+ 38. hxg5 h4 39. Ke3 Ng6 40. Kf2 Kb7 41. Be3 Re8 42. Bd2 Bc8 43. Rg1 Ne5 44. Bf4 Ng6 45. Bh2 a5 46. bxa5 c5 47. f4 c4 48. Nd4 bxa5 49. f5 Nf8 50. Nb5 1-0

[Event "Skakligaen 2024-25"]
[Site "Denmark"]
[Date "2025.01.26"]
[Round "6.5"]
[White "Easwaralingam, Adesh"]
[Black "Vinther Schou, Uffe"]
[Result "1/2-1/2"]
[WhiteElo "2190"]
[BlackElo "2314"]
[EventDate "2024.11.02"]
[EventType "team-tourn"]
[EventRounds "9"]
[EventCountry "DEN"]
[SourceTitle "Holdskaksystemet"]
[WhiteTeam "Fredericia"]
[BlackTeam "AarhusSkolerne"]
[WhiteTeamCountry "DEN"]
[BlackTeamCountry "DEN"]

1. e4 c5 2. Nf3 e6 3. d4 cxd4 4. Nxd4 a6 5. Be2 Nf6 6. Nc3 Qc7 7. O-O Nc6 8. Be3 Be7 9. f4 d6 10. Qe1 O-O 11. Qg3 Bd7 12. Rad1 Kh8 13. Kh1 b5 14. a3 Rab8 15. Nxc6 Bxc6 16. Bd4 Qb7 17. e5 dxe5 18. Bxe5 Rbd8 19. Bf3 Rxd1 20. Nxd1 Rd8 21. Ne3 Bxf3 22. Rxf3 Qe4 23. h3 Ne8 24. f5 Bh4 25. Qf4 Qxf4 26. Bxf4 Bf6 27. fxe6 fxe6 28. Be5 Kg8 29. Ng4 Bxe5 30. Nxe5 Rd5 31. Nc6 1/2-1/2